00364nam a2200109Ia 4500008004100000082000800041100001600049245006900065942000600134952009900140999001500239240331s9999 xx 000 0 und d bRAM aRamasamy, T 0aPanpaddu varalattu aaivukku nattupuraviyal aaivalanin pankalippu cL 001040708LaWERCLbWERCLcSSCd2024-03-31l0o 398.042 RAMp4200r2024-03-31w2024-03-31yL c3644d3644